| 000 | 00960nas a2200313 4500 | ||
|---|---|---|---|
| 001 | BR2013000051 | ||
| 003 | BR-BrBNA | ||
| 005 | 20231205121742.0 | ||
| 007 | ta | ||
| 008 | 230509b bl.|||p| |||| 00| 00por d | ||
| 040 |
_aBR-BrBNA _bpor _cBiblioteca Nacional de Agricultura |
||
| 041 | _a(Pt) | ||
| 072 | _aF61; F04 | ||
| 100 | 1 | _aGomes, M.B. | |
| 100 | 1 | _aBanys, V.L. | |
| 100 | 1 | _aSantos, J. | |
| 100 | 1 | _aCastro, A.L.A. de | |
| 100 | 1 | _aSaenz, E.A.C. | |
| 100 | 1 | _aFialho, C.A. | |
| 245 | 1 | _aMorfogênese na germinação e na fase de estabelecimento da Brachiaria ruziziensis submetida à adubação nitrogenada e potássica | |
| 650 | _aCAPIM BRACHIARIA | ||
| 650 | _aMORFOGÊNESE | ||
| 650 | _aADUBAÇÃO | ||
| 650 | _aNITROGÊNIO | ||
| 650 | _aPOTÁSSIO | ||
| 773 | 0 |
_tCiência Rural (Brazil) _xISSN 0103-8478 _g(Dec 2012), v. 42(12) p. 2235-2241 _wBR2013000051 |
|
| 909 |
_a202311 _bLúcia _c55 _dLúcia Elande |
||
| 942 |
_2AGRIS _n0 _cANA |
||
| 999 |
_c225066 _d225066 |
||